Представление документа в формате MARC21

ПолеНазваниеЗначение
  Тип записи a
  Библиографический уровень m
001 Контрольный номер RU\infra-m\znanium\bibl\2196888
005 Дата корректировки 20260429142331.1
008 Кодируемые данные 260122s2026 RU g rus u
020 Индекс ISBN __
a ISBN 978-5-9776-0330-0
020 Индекс ISBN __
a ISBN 978-5-16-110740-9 (электр. издание)
020 Индекс ISBN __
a ISBN 978-5-16-010103-3 (ISBN соиздателя)
040 Источник каталогиз. __
a Служба первич. каталог. Общество с ограниченной ответственностью «ЗНАНИУМ»
041 Код языка издания __
a Код языка текста rus
044 Код страны публикации __
a Код страны публикации RU
080 Индекс УДК __
a Индекс УДК 005.94(075.8)
084 Индекс другой классификации/Индекс ББК __
2 Источник индекса rubbk
a Индекс другой классификации/Индекс ББК 65.291.573-21я73
084 Индекс другой классификации/Индекс ББК __
2 Источник индекса okso
a Индекс другой классификации/Индекс ББК 38.03.01
084 Индекс другой классификации/Индекс ББК __
2 Источник индекса okso
a Индекс другой классификации/Индекс ББК 38.03.02
084 Индекс другой классификации/Индекс ББК __
2 Источник индекса okso
a Индекс другой классификации/Индекс ББК 38.03.03
084 Индекс другой классификации/Индекс ББК __
2 Источник индекса okso
a Индекс другой классификации/Индекс ББК 38.04.02
084 Индекс другой классификации/Индекс ББК __
2 Источник индекса okso
a Индекс другой классификации/Индекс ББК 38.04.03
084 Индекс другой классификации/Индекс ББК __
2 Источник индекса okso
a Индекс другой классификации/Индекс ББК 41.03.06
100 Автор __
a Автор Шаш Н.Н.
q Полное имя Шаш Наталья Николаевна
245 Заглавие __
a Заглавие Управление интеллектуальным капиталом развивающейся компании
b Продолж. заглавия Учебное пособие
250 Сведения об издании __
a Основные сведения об издании 1
260 Выходные данные __
a Место издания Москва
b Издательство Издательство "Магистр"
c Дата издания 2026
300 Физическое описание __
a Объем 368 с.
440 Серия __
a Серия Магистратура
520 Аннотация __
a Аннотация Уникальность данного пособия заключается в том что в российской практике это пока первая попытка в доступной форме изложить проблемы управления интеллектуальным капиталом компании проанализировать структуру интеллектуального капитала и предложить методики для его адекватной оценки. Пособие адресовано студентам высших учебных заведений обучающихмся по специальностям связанным с менеджментом маркетингом организацией и ведением бизнеса. Будет полезно представителям бизнес-сферы: руководителям компаний практикующим менеджерам специалистам в сфере управленческого консультирования и бизнес-образования а также всем липам интересующимся перспективными практическими технологиями обучения и развития сотрудников в организации. Предлагаемый материал может быть использован при разработке и внедрении программ развития интеллектуального капитала компании систем организационного обучения и управления знаниями в компании.
521 Примеч. о цел. назн. __
a Примеч. о целев. назн. ВО - Магистратура
650 Тематические рубрики __
a Основная рубрика Управление (менеджмент)
x Основная подрубрика Управление персоналом
655 Указ. предметных рубрик (устаревшее) __
a Жанр/ форма (устаревшее) Учебное пособие
856 Электронный адрес документа 4_
a Имя сервера/домена znanium.ru
m Помощь ebs_support@infra-m.ru
n Местонахождение сервера НИЦ ИНФРА-М
u URL https://znanium.ru/catalog/document?id=476465
856 Электронный адрес документа 48
a Имя сервера/домена znanium.ru
d Путь /cover/2196
f Электронное имя 2196888.jpg
q Тип электронного формата image/jpeg
u URL https://znanium.ru/cover/2196/2196888.jpg
911 __
u 0030=https://znanium.ru/catalog/document?id=476465